Statistiques concernant Mammifères aquatiques par image

Cliquez ici pour prendre le quiz!

Statistiques générales

  • Ce quiz a été pris 12 818 fois
  • Le résultat moyen est 13 sur 16

Statistiques - réponses

Réponse% Correct
Baleine à bosse
99%
Grand dauphin
99%
Ours polaire
99%
Hippopotame
98%
Orque
97%
Phoque
93%
Castor
91%
Loutre
90%
Morse
88%
Béluga
84%
Otarie à jarre
81%
Ornithorynque
80%
Narval
77%
Grand cachalot
68%
Lamantin
54%
Marsouin
31%

Distribution des résultats

Percentile par nombre de réponses

% des personnes avec chaque résultat

Votre développement - résultats

Vous n’avez pas pris ce quiz